Staré americké civilizace /

Hlavní autor: Katz, Friedrich, 1927-2010
Další autoři: Binková, Simona, 1957-, Vrhel, František, 1943-2023
Jazyk: Čeština
Vydáno: Praha : Odeon, 1989
Vydání: 1. vyd.
Edice: Klub čtenářů ; sv. 625
Témata:
Externí odkaz: Digitalizovaný dokument
Fyzický popis: 469 s. : il. (některé barev.) ; 21 cm
Knihy
Uloženo v:
LEADER 01708nam a22003972a 4500
001 000081901
003 CZ BrMZK
005 20250430130713.0
007 ta
008 950101s1989 xr a f cze d
015 |a cnb000054826 
020 |a 80-207-0151-6  |q (Váz.) :  |c Kčs 55,00 
040 |a ABA001  |b cze  |d BOA001 
041 1 |a cze  |h ger 
080 9 |a 980 
080 9 |a 970 
100 1 |a Katz, Friedrich,  |d 1927-2010  |7 skuk0003349  |4 aut 
245 1 0 |a Staré americké civilizace /  |c Friedrich Katz ; z němčiny přeložil a doslov napsal František Vrhel ; slovníček indiánských a španělských výrazů a rejstříky zpracovala, obrazový materiál vybrala a sestavila Simona Binková 
250 |a 1. vyd. 
260 |a Praha :  |b Odeon,  |c 1989 
300 |a 469 s. :  |b il. (některé barev.) ;  |c 21 cm 
490 1 |a Klub čtenářů ;  |v sv. 625 
500 |a 56000 výt. 
504 |a Obsahuje bibliografii, bibliografické odkazy a rejstřík 
765 0 |t Vorkolumbische Kulturen. Die grossen Reiche des alten Amerika  |9 Česky 
700 1 |a Binková, Simona,  |d 1957-  |7 jn20000400178  |4 com 
700 1 |a Vrhel, František,  |d 1943-2023  |7 jk01151032  |4 trl  |4 wfw 
856 4 1 |u http://www.digitalniknihovna.cz/mzk/uuid/uuid:0aa54fe0-226a-11e2-85be-005056827e51  |y Digitalizovaný dokument  |x NDK 
910 |a BOA001  |b 2-0955.670 
964 |a Civilizace indiánské 
964 |a Inkové - říše - dějiny 
964 |a Aztékové - říše - dějiny 
990 |a BK 
995 |a 01 
996 6 |b 2610674581  |c 2-0955.670  |l MZK  |r Sklad / do 1 hodiny  |n 3  |p dar  |w 000081901  |u 000030  |a 1  |e BOA001  |j MZK50  |s P 
996 7 |b 2610704991  |c 2-0955.670  |l MZK  |r Sklad / do 1 hodiny  |n 5  |p dar  |w 000081901  |u 000040  |a 1  |e BOA001  |j MZK50  |s A